<?xml version="1.0" encoding="UTF-8"?>
<record
    xmlns:xsi="http://www.w3.org/2001/XMLSchema-instance"
    xsi:schemaLocation="http://www.loc.gov/MARC21/slim http://www.loc.gov/standards/marcxml/schema/MARC21slim.xsd"
    xmlns="http://www.loc.gov/MARC21/slim">

  <leader>00703nam a22002057a 4500</leader>
  <controlfield tag="003">By J Delannoie; Johann Strauss</controlfield>
  <controlfield tag="005">20220221133340.0</controlfield>
  <controlfield tag="008">220221b        sa ||||| |||| 00| 0 eng d</controlfield>
  <datafield tag="010" ind1=" " ind2=" ">
    <subfield code="a">800</subfield>
  </datafield>
  <datafield tag="020" ind1=" " ind2=" ">
    <subfield code="a">9781928343561</subfield>
    <subfield code="q">paperback</subfield>
  </datafield>
  <datafield tag="040" ind1=" " ind2=" ">
    <subfield code="b">English</subfield>
    <subfield code="c">Manual</subfield>
    <subfield code="e">RDA</subfield>
  </datafield>
  <datafield tag="050" ind1=" " ind2=" ">
    <subfield code="a">800</subfield>
    <subfield code="b">DELA</subfield>
  </datafield>
  <datafield tag="082" ind1=" " ind2=" ">
    <subfield code="a">800</subfield>
    <subfield code="b">DELA</subfield>
  </datafield>
  <datafield tag="100" ind1=" " ind2=" ">
    <subfield code="a">J Delannoie</subfield>
    <subfield code="d">[2016]</subfield>
    <subfield code="e">Author</subfield>
    <subfield code="9">130487</subfield>
  </datafield>
  <datafield tag="245" ind1=" " ind2=" ">
    <subfield code="a">Ntlo ya heso</subfield>
  </datafield>
  <datafield tag="260" ind1=" " ind2=" ">
    <subfield code="a">Johannesburg, Afrika Borwa : </subfield>
    <subfield code="b">Mthombothi Studios, </subfield>
    <subfield code="c">[2016]</subfield>
  </datafield>
  <datafield tag="300" ind1=" " ind2=" ">
    <subfield code="a">12 pages : </subfield>
    <subfield code="b">color illustrations ;</subfield>
    <subfield code="c"> 24 cm</subfield>
  </datafield>
  <datafield tag="500" ind1=" " ind2=" ">
    <subfield code="a">"Dihlooho tse ho Kolulu Taktaki. Lenaneong la 2: 4"--Page 4 of cover

Also available in English and Xhosa.

</subfield>
  </datafield>
  <datafield tag="942" ind1=" " ind2=" ">
    <subfield code="2">ddc</subfield>
    <subfield code="c">BOOK</subfield>
  </datafield>
  <datafield tag="999" ind1=" " ind2=" ">
    <subfield code="c">630757</subfield>
    <subfield code="d">630756</subfield>
  </datafield>
  <datafield tag="952" ind1=" " ind2=" ">
    <subfield code="0">0</subfield>
    <subfield code="1">0</subfield>
    <subfield code="2">ddc</subfield>
    <subfield code="4">0</subfield>
    <subfield code="7">0</subfield>
    <subfield code="8">800</subfield>
    <subfield code="a">KWAML</subfield>
    <subfield code="b">MASOBL</subfield>
    <subfield code="c">CHILD</subfield>
    <subfield code="d">2022-02-21</subfield>
    <subfield code="l">0</subfield>
    <subfield code="o">800 DELA</subfield>
    <subfield code="p">33228031022605</subfield>
    <subfield code="r">2022-02-21</subfield>
    <subfield code="w">2022-02-21</subfield>
    <subfield code="y">BOOK</subfield>
  </datafield>
  <datafield tag="952" ind1=" " ind2=" ">
    <subfield code="0">0</subfield>
    <subfield code="1">0</subfield>
    <subfield code="2">ddc</subfield>
    <subfield code="4">0</subfield>
    <subfield code="7">0</subfield>
    <subfield code="8">F</subfield>
    <subfield code="a">KWAML</subfield>
    <subfield code="b">ZITHL</subfield>
    <subfield code="c">CHILD</subfield>
    <subfield code="d">2022-10-27</subfield>
    <subfield code="l">0</subfield>
    <subfield code="o">SSO KF</subfield>
    <subfield code="p">33228031070471</subfield>
    <subfield code="r">2022-10-27</subfield>
    <subfield code="w">2022-10-27</subfield>
    <subfield code="y">BOOK</subfield>
  </datafield>
  <datafield tag="952" ind1=" " ind2=" ">
    <subfield code="0">0</subfield>
    <subfield code="1">0</subfield>
    <subfield code="2">ddc</subfield>
    <subfield code="4">0</subfield>
    <subfield code="7">0</subfield>
    <subfield code="8">F</subfield>
    <subfield code="a">LYDEL</subfield>
    <subfield code="b">THULL</subfield>
    <subfield code="c">GEN</subfield>
    <subfield code="d">2023-07-11</subfield>
    <subfield code="l">0</subfield>
    <subfield code="o">800 DELA</subfield>
    <subfield code="p">33228031029467</subfield>
    <subfield code="r">2023-07-11</subfield>
    <subfield code="w">2023-07-11</subfield>
    <subfield code="y">BOOK</subfield>
  </datafield>
</record>
